Countries More Populated than Guangdong - Whammies - Statistics

General Stats
  • This quiz has been taken 20 times
  • The average score is 8 of 9
Answer Stats
Population Country % Correct
212 mi Brazil
100%
1,423 bi China
100%
1,466 bi India
100%
286 mi Indonesia
90%
256 mi Pakistan
90%
351 mi United States
90%
143 mi Russia
80%
176 mi Bangladesh
75%
238 mi Nigeria
75%
No matching quizzes found
Score Distribution
Percent of People with Each Score
Percentile by Number Answered
Your Score History
You have not taken this quiz